B B C school television braodcasting : A report on the first two years and a statement of future policy by the school bradcasting council for the United Kingdom (Record no. 1340393)

MARC details
000 -LEADER
fixed length control field 00560nam a2200169Ia 4500
005 - DATE AND TIME OF LATEST TRANSACTION
control field 20250508153042.0
008 - FIXED-LENGTH DATA ELEMENTS--GENERAL INFORMATION
fixed length control field 008 250505s9999 xx 000 0 eng d
037 ## - SOURCE OF ACQUISITION
Stock number Textual
040 ## - CATALOGING SOURCE
Original cataloging agency FEDL
Language of cataloging eng
Transcribing agency FEDL
041 ## - LANGUAGE CODE
Language code of text/sound track or separate title eng
Source of code eng
084 ## - COLON CLASSIFICATION NUMBER
Classification number 371.335, BBC
Assigning agency FEDL
245 #0 - TITLE STATEMENT
Title B B C school television braodcasting : A report on the first two years and a statement of future policy by the school bradcasting council for the United Kingdom
260 ## - PUBLICATION, DISTRIBUTION, ETC.
Date of publication, distribution, etc. 1959
300 ## - PHYSICAL DESCRIPTION
Extent 61p.
942 ## - ADDED ENTRY ELEMENTS (KOHA)
Koha item type Textual
Classification part 371.335, BBC
Holdings
Withdrawn status Lost status Damaged status Not for loan Home library Current library Date acquired Total Checkouts Full call number Barcode Date last seen Price effective from Koha item type
        Department of Education Library Department of Education Library 2025-05-08   371.335, BBC EL0023026 2025-05-08 2025-05-08 Textual
Copyright @ Delhi University Library System